LEADER 01006nam a2200265 i 4500 001 000000171214 003 CaOOAMICUS 005 20080429000000.0 008 080429s1965 it u000 u ita u 013 $a148644 040 $aSeMil$bita 100 1 $aBarra, Giovanni,$d<1914-1975>.$0(OLS)http://semarc/name/2757 245 10$aSotto il muschio /$cdi Giovanni Barra. 260 $aTorino :$bBorla,$c1965. 300 $aX, 189 p., [1] c. di tav. ;$c21 cm. 490 0 $aTestimonianze ;$v94 500 $aFondo Card. Giovanni Colombo. 600 14$aBeltrami, Carolina .$0(OLS)http://semarc/subject/32599 830 0$aTestimonianze ;$v94.$0(OLS)http://semarc/title/6368 850 $aSeMil 852 $aSeMil$W1$xVenegono$y1$m3G III 238$j122086$B122086$CSeMilBibl$Z2$F134984 $81 941 1 $a3 961 $aLascito: Colombo Card. Giovanni 996 $6245$aSotto il muschio$9(OLS)http://semarc/title/244929 996 $6260$aTorino :$bBorla$9(OLS)http://semarc/publisher/29913 LEADER 00910nam a2200229 i 4500 001 000000036128 003 CaOOAMICUS 005 20140806000000.0 008 140806s1863 xx u000 u fre u 013 $a5261 040 $aSeMil$bita 100 1 $aRenan, Ernest,$d<1823-1892>.$0(OLS)http://semarc/name/3159 245 10$aVie de Jésus /$cpar Joseph Renan Ernest. 260 $aLeipzig :$bSociété bibliophile,$c1863. 300 $aXLVIII, 352 p. ;$c17 cm. 650 4$aGesù Cristo - Vita.$0(OLS)http://semarc/subject/415 650 4$aRenan, Ernest <1823-1892> . Vie de Jésus Christ.$0(OLS)http://semarc/subject/4843 850 $aSeMil 852 $aSeMil$W1$xVenegono$y1$m2X I 4 FA$j2283$B2283$CSeMilBibl$Z2$F2283 $8I 961 $aOmaggio: Donazione 996 $6245$aVie de Jésus$9(OLS)http://semarc/title/9036 996 $6260$aLeipzig :$bSociété bibliophile$9(OLS)http://semarc/publisher/39803